000 00683nam a2200241Ia 4500
003 OSt
005 20220923212035.0
006 a|||||r|||| 00| 0
007 ta
008 220922b |||||||| |||| 00| 0 hin d
024 _a150,181
037 _cTextual
040 _aARTS
_cARTS
_bhin
041 _2hin
_ahin
082 _a72:M9, 152K3
100 _aमाथुर, जगदीश चंद्र
245 0 _aदस तसवीरें
246 _aDas tasavīrean
260 _afnYyh]
_bjktdey
_c1963
300 _a159 पृ.
_ccm.
942 _h72:M9, 152K3
_cTEXL
_2CC
999 _c305861
_d305861